| 000 | 01287nam0a2200337 4500 | ||
|---|---|---|---|
| 001 | RU\NLR\bibl\1093350 | ||
| 005 | 20260601075102.0 | ||
| 010 |
_a978-5-9573-0733-4 _97000 |
||
| 021 |
_aRU _b2007-27830 _91479 |
||
| 035 | _a(NLR Aleph) 001080475 | ||
| 090 |
_a1055305 _c1055305 |
||
| 100 | _a20070530d2007 |||y0rusy50 ca | ||
| 101 | 1 |
_arus _ceng |
|
| 102 | _aRU | ||
| 105 | _aa ||||||||| | ||
| 200 | 1 |
_aМедитация - единственное лекарство _dMeditation the only medicine _fОшо _g[пер. с англ. А.Ю. Долгачевой] _zeng |
|
| 210 |
_aСанкт-Петербург _cВесь _d2007 |
||
| 215 |
_a187 с. _cил. _d11 |
||
| 225 | 1 | _aИздательство "Весь" - добрые вести | |
| 225 | 1 | _aПуть мистика / Уроки жизни | |
| 300 | _aАвт. также на англ. яз.: Osho | ||
| 510 | 0 |
_6z20790 _aMeditation the only medicine _zeng |
|
| 606 | 1 |
_aМедитация _91261607 _3RU\NLR\auth\66200516 |
|
| 686 | _aЮ969.1 | ||
| 700 | 0 |
_4070 _8rus _7ca _aОшо _f1931-1990 _3RU\NLR\AUTH\771622 _9111642 |
|
| 790 | 0 |
_4070 _8eng _7ba _aOsho _f1931-1990 _3RU\NLR\auth\771624 _9111644 |
|
| 801 | 0 |
_aRU _bNLR _c20070530 _gRCR |
|
| 801 | 1 |
_aRU _bNLR _c20070530 |
|
| 942 | _cBOOK | ||
| 980 | _aNB | ||